Board Games by the Objective - Statistics

General Stats
  • This quiz has been taken 88 times
  • The average score is 17 of 37
Answer Stats
Hint Answer % Correct
A board game in which you must be the first to solve the mystery of a murder by correctly identifying who did the murder, where it was done, and how they did it. Clue
99%
To become the winner, you must be able to find (sink) all five ships in your opponent’s fleet before they sink yours. Battleship
97%
To win, you must be the first player to get four of your colored checkers in a row either horizontally, vertically or diagonally. Connect 4
80%
By selling, buying, renting, negotiating property, and with a little luck from the dice, your goal is to become the wealthiest player on the board. Monopoly
78%
In order to win, you must collect the most money by performing successful "operations". Operation
76%
Object is to move around the circular track and spokes correctly answering questions, and to collect a wedge for correctly answering a question in each of the six categories you have chosen. To win, a player (or team) returns to the hexagonal hub and correctly answers the game-winning question in a category chosen by the other players. Trivial Pursuit
73%
Take turns building the Mouse Trap as you move around the game board. Then use the Mouse Trap to try to capture your opponents' mice. Be the last uncaptured mouse on the game board and win. Mouse Trap
72%
The object is to remove one block at a time from the tower and then stack it on top. The last player to stack a block without making the tower fall wins the game. Jenga
68%
How flexible are you? ... When that dial spins you'll be testing your limits to do what you're told. Whenever you lose your balance you're out of the game. The last player going is the winner of the game. Twister
68%
Guess your opponent's mystery person before your opponent guesses yours. Guess Who?
66%
To win the board game, players must collect as many Life tiles as possible and try to have the most amount of money at the end of the game. The Game of Life
66%
Force your opponent into Checkmate, by forcing his or her King into a position where it cannot move without being captured. Chess
65%
Roll dice for scoring combinations and get the highest total score. Yahtzee
64%
To conquer the world by occupying every territory on the board, thus eliminating all your opponents. Risk
59%
In the game, players form interlocking words on the board using letter tiles of different values. Each player competes for high score by taking advantage of the latter tiles as well as the premium squares on the board. Scrabble
55%
To win, you must be the first player to move all four of your pawns from your start circle to home. Parcheesi
54%
The object of the game is to score the most points by guessing the most words correctly. Get your team to say the word on the card without using one of the five taboo words listed on the card. Taboo
54%
The player that cannot move and is blocked by the other player or cannot move from loosing all their pieces loses the board game checkers. Checkers
51%
Have the most stones in your mancala after all of the stones on one side of the gameboard are captured. Mancala
50%
Card game where players try to be the first one to get rid of all their cards. UNO
49%
Be the first player to reach "winner" square #100. Chutes and Ladders
36%
The object of the game is to score the highest number of total points. Points can be scored by: claiming a route between two adjacent cities on the map, successfully completing a continuous path of routes between two cities listed on your destination ticket(s), and/or completing the farthest, most continuous path of routes. Points are lost if you do not successfully complete the route given on the destination ticket(s) you kept. Ticket to Ride
34%
Win the correct amount of green apples that are required to win the game (changes on the amount of players) by being the chosen and favorable card for the round. Apples to Apples
32%
To be the first player to complete all 10 Phases. In case of a tie, the player with the lowest score is the winner. Phase 10
31%
Your goal in this game is to try and help one member of your wagon party survive and successfully arrive at Willamette Valley. Oregon Trail
30%
To be the winner, you must be the first player to pick 10 cherries from your tree and fill your bucket. Hi Ho Cherry-O
26%
You'll need to work together as a team to create cures to prevent a disease outbreak be become winners. Pandemic
24%
To be the player with the highest score at the end of the 3-minute game, or to be the first player to reach the designated point limit in a Tournament game. Players score by listing words of the highest point value they can find in the four rows of letters. Boggle
23%
Last player standing that hasn't been exploded will win the game. Exploding Kittens
23%
The object of the game is to have the majority of your color disks face up on the board at the end of the game. Othello
23%
The object is to quickly fill out a category list with answers that begin with the appointed letter. You'll score points if other players haven't thought of the same answers. The player with the most points wins. Scattegories
16%
Regardless of if it's your turn or not, if you meet the conditions of the current goal you will win instantly. Fluxx
15%
Be the first player to play all the cards in your stock pile by playing cards in numerical order, 1 through 12. Skip-Bo
15%
Each player has to fit as many of his/her 21 pieces on the board as possible and have the lowest score. Blokus
12%
The object of the card game is to corner the market on Hay, Corn, Rye, Barley, Oats, Wheat and Flax by trading cards with other players. Pit
12%
To master the game, you must find objects on the tiles to win cards. The player who wins the most cards or is the first to collect six cards wins the game. Pictureka
4%
Game challenges how much players can recall about images they see on the game cards. Players move around the board by correctly answering questions about the images. The first player/team to reach the finish triangle is the winner of the game. Stare
3%
No matching quizzes found
Score Distribution
Percent of People with Each Score
Percentile by Number Answered
Your Score History
You have not taken this quiz